000
00342 a2200157 4500
001
192994
020
_a
978-85-322-7447-2
040
_c
Magnum
100
_a
Coelho, Ronaldo Simões
240
1
0
_a
A laranja colorida
_l
por
245
1
0
_a
A laranja colorida
300
_a
26
362
0
_a
2010
697
_a
LITERATURA INFANTO
942
_c
BK
999
_c
192994
_d
192994